Плазменная переработка твёрдых коммунальных отходов; Прогрессивные технологии и экономика в машиностроении

Dettagli Bibliografici
Parent link:Прогрессивные технологии и экономика в машиностроении.— 2025.— С. 121-124
Autore principale: Романюк Р. А.
Altri autori: Лобанова М. Д. (научный руководитель), Новикова И. С., Мальчик А. Г. Александра Геннадьевна
Riassunto:В статье рассмотрено влияние твёрдых коммунальных отходов (ТКО) на окружающую среду, способы утилизации ТКО. Преимущества плазменной переработки ТКО, принцип работы плазмотрона, его технология переработки твёрдых коммунальных отходов с помощью плазмы
The article examines the impact of municipal solid waste (MSW) on the environment and the methods of MSW disposal. The advantages of MSW plasma recycling, the principle of operation of the plasma torch, and its technology for processing municipal solid waste using plasma
Текстовый файл
Lingua:russo
Pubblicazione: 2025
Soggetti:
Accesso online:http://earchive.tpu.ru/handle/11683/132795
Natura: MixedMaterials Elettronico Capitolo di libro
KOHA link:https://koha.lib.tpu.ru/cgi-bin/koha/opac-detail.pl?biblionumber=680541

MARC

LEADER 00000naa2a2200000 4500
001 680541
005 20251030100000.0
090 |a 680541 
100 |a 20250610d2025 k||y0rusy50 ca 
101 0 |a rus 
102 |a RU 
135 |a drbn ---uucaa 
200 1 |a Плазменная переработка твёрдых коммунальных отходов  |f Р. А. Романюк, М. Д. Лобанова, И. С. Новикова  |g науч. рук. Мальчик А. Г. 
283 |2 RDAcarrier 
320 |a Список использованных источников: 5 назв 
330 |a В статье рассмотрено влияние твёрдых коммунальных отходов (ТКО) на окружающую среду, способы утилизации ТКО. Преимущества плазменной переработки ТКО, принцип работы плазмотрона, его технология переработки твёрдых коммунальных отходов с помощью плазмы 
330 |a The article examines the impact of municipal solid waste (MSW) on the environment and the methods of MSW disposal. The advantages of MSW plasma recycling, the principle of operation of the plasma torch, and its technology for processing municipal solid waste using plasma 
336 |a Текстовый файл 
463 1 |0 680351  |9 680351  |t Прогрессивные технологии и экономика в машиностроении  |o сборник трудов XVI Всероссийской научно-практической конференции для студентов и учащейся молодежи 9–11 апреля 2025 г., г. Юрга  |c Томск  |d 2025  |n Изд-во ТПУ  |u conference_tpu-2025-C57.pdf  |v С. 121-124 
545 1 |a Экология, безопасность и охрана труда на предприятии 
610 1 |a электронный ресурс 
610 1 |a труды учёных ТПУ 
610 1 |a плазменная камерная печь 
610 1 |a коммунальные отходы 
610 1 |a плазменная переработка 
610 1 |a плазма 
610 1 |a утилизации твердых отходов 
700 1 |a Романюк  |b Р. А. 
701 1 |a Лобанова  |b М. Д. 
701 1 |a Новикова  |b И. С. 
702 1 |a Мальчик  |b А. Г.  |c специалист в области экологии и безопасности жизнедеятельности  |c доцент Юргинского технологического института Томского политехнического университета, кандидат технических наук  |f 1970-  |g Александра Геннадьевна  |4 727 
801 0 |a RU  |b 63413507  |c 20250610 
850 |a 63413507 
856 4 |u http://earchive.tpu.ru/handle/11683/132795  |z http://earchive.tpu.ru/handle/11683/132795 
942 |c CF